A Warden's diary. (Record no. 12912)
[ view plain ]
| 000 -LEADER | |
|---|---|
| fixed length control field | 00462cam a22001812 4500 |
| 001 - CONTROL NUMBER | |
| control field | 0000004723 |
| 005 - DATE AND TIME OF LATEST TRANSACTION | |
| control field | 20151217155825.0 |
| 008 - FIXED-LENGTH DATA ELEMENTS--GENERAL INFORMATION | |
| fixed length control field | 070528s xx 000 0 eng d |
| 040 ## - CATALOGING SOURCE | |
| Original cataloging agency | KABU |
| Transcribing agency | KABU |
| 050 #0 - LIBRARY OF CONGRESS CALL NUMBER | |
| Classification number | QL337 |
| Item number | .K4B43 |
| 100 1# - MAIN ENTRY--PERSONAL NAME | |
| Personal name | Beaton, K. de P. |
| -- | 0000155460 |
| 245 12 - TITLE STATEMENT | |
| Title | A Warden's diary. |
| 260 ## - PUBLICATION, DISTRIBUTION, ETC. (IMPRINT) | |
| Place of publication, distribution, etc. | Nairobi : |
| Name of publisher, distributor, etc. | EAS, |
| Date of publication, distribution, etc. | 1949. |
| 300 ## - PHYSICAL DESCRIPTION | |
| Extent | 114 p. |
| 908 ## - PUT COMMAND PARAMETER (RLIN) | |
| Put command parameter | 070528 |
| 950 ## - LOCAL HOLDINGS (RLIN) | |
| -- | 1 |
| Withdrawn status | Lost status | Source of classification or shelving scheme | Not for loan | Home library | Current library | Date acquired | Total Checkouts | Full call number | Barcode | Date last seen | Price effective from | Koha item type |
|---|---|---|---|---|---|---|---|---|---|---|---|---|
| Library of Congress Classification | Kabarak, Main Campus | Kabarak, Main Campus | 17/12/2015 | QL337 .K4B43 | 003948 | 17/12/2015 | 17/12/2015 | Africana Collection |